| 000 | 00657nam a2200229Ia 4500 | ||
|---|---|---|---|
| 003 | OSt | ||
| 005 | 20220928130937.0 | ||
| 006 | a|||||r|||| 00| 0 | ||
| 007 | ta | ||
| 008 | 220927b |||||||| |||| 00| 0 eng d | ||
| 024 | _a115898 | ||
| 037 | _cTextual | ||
| 040 |
_aSDCL _cSDCL _beng |
||
| 041 |
_2eng _aeng |
||
| 082 | _aO-944,3:g(W:591), L8 | ||
| 100 |
_aSarma Gobindo Prasad _9476638 |
||
| 245 | 0 | _aNationalism In Indo-Anglian Fiction | |
| 260 |
_aNew Delhi _bSterling Publishers,Pvt.Ltd. _c1978 |
||
| 300 |
_axxiii,390p _ccm. |
||
| 942 |
_hO-944,3:g(W:591), L8 _cTEXL _2CC |
||
| 999 |
_c789126 _d789126 |
||